LEADER 00991cam0-2200313---450- 001 990005693520403321 005 20091215164123.0 035 $a000569352 035 $aFED01000569352 035 $a(Aleph)000569352FED01 035 $a000569352 100 $a19990604d1981----km-y0itay50------ba 101 0 $aita 102 $aIT 105 $ay-------001by 200 1 $aErithia$ecommedia inedita del sec. 16.$fCesare Scalini$ga cura di Roberto Trovato 210 $aBologna$cCommissione per i testi di lingua$d1981 215 $aXXXIVI, 116 p.$d19 cm 225 1 $aScelta di curiosità letterarie inedite o rare dal secolo 13. al 19. in appendice alla Collezione di opere inedite o rare$v275 676 $a852.4 700 1$aScalini,$bCesare$0152464 702 1$aTrovato,$bRoberto 801 0$aIT$bUNINA$gRICA$2UNIMARC 901 $aBK 912 $a990005693520403321 952 $a850.8 SCL 120$bDip.f.m.602$fFLFBC 959 $aFLFBC 996 $aErithia$9601681 997 $aUNINA LEADER 03774oam 2200637 c 450 001 9910563006403321 005 20250819220325.0 024 7 $a10.3726/b13586 035 $a(CKB)5450000000173905 035 $a(oapen)https://directory.doabooks.org/handle/20.500.12854/33506 035 $a(PH02)9783631750285 035 $a(MiAaPQ)EBC31850419 035 $a(oapen)doab33506 035 $a(EXLCZ)995450000000173905 100 $a20240525h20181998 uy 0 101 0 $ager 135 $aurnnunnnannuu 181 $ctxt$2rdacontent 182 $cc$2rdamedia 183 $acr$2rdacarrier 200 04$aDie Automobil-Kaufentscheidung$eEin theoretischer Erklärungsansatz und seine empirische Überprüfung$fH. Meffert, Mark Unger 205 $a1st, New ed. 210 $aFrankfurt a.M$cPH02$d2018 210 $d2018, c1998 215 $a1 online resource (313 p.)$c, EPDF 225 0 $aSchriften zu Marketing und Management$v33 300 $aPeter Lang GmbH, Internationaler Verlag der Wissenschaften 311 08$a9783631750285 311 08$a3631750285 327 $aAus dem Inhalt: Wissenschaftstheoretischer Rahmen - Ausgangspunkte fu?r eine Theorie der Automobil-Kaufentscheidung (Verhaltenswissenschaftliche und informationso?konomische Erkla?rungen des Automobil-Kaufentscheidungsverhaltens / Ableitung von Erkla?rungsparametern u.a.) - Elemente und deren Zusammenfu?hrung zu einer Theorie der Automobil-Kaufentscheidung (Risikowahrnehmung / Informationssuche und -quellen / Meinungsfu?hrerschaft / Produktbewertung / Automobilha?ndler / Marken- und Ha?ndlerloyalita?t) - Empirische Befunde zum Automobil-Kaufentscheidungsverhalten. 330 $aWesentliche Voraussetzung fu?r die Aufrechterhaltung der Wettbewerbsfa?higkeit von Automobilherstellern und -ha?ndlern ist heute mehr denn je eine detaillierte Kenntnis u?ber Einflußgro?ßen und Bestimmungsgru?nde des Kaufverhaltens von Automobilka?ufern. Wa?hrend in der Vergangenheit zumeist auf die Produktmerkmale eines Autos zur Verhaltenserkla?rung der Ka?ufer zuru?ckgegriffen wurde, knu?pft die Arbeit an dieser Stelle an und entwickelt mit Ru?ckgriff auf verhaltenswissenschaftliche und informationso?konomische Theorien ein umfassendes Erkla?rungsmodell der Automobil-Kaufentscheidung. Mittels eines kausalanalytischen Untersuchungsdesigns wird der Automobilkauf dabei nicht nur unter reinen Produktaspekten analysiert, sondern es wird auch dargestellt, welchen Einfluß z.B. der Autoha?ndler und die Perso?nlichkeit des Konsumenten sowie unterschiedliche Informationsquellen auf die Markenwahl haben. Die Antworten auf diese und andere im Rahmen der Untersuchung aufgeworfene Fragen liefern neue Einsichten in Struktur und Ablauf des Automobil-Kaufentscheidungsprozesses und damit wertvolle Hinweise fu?r eine marktorientierte Unternehmensfu?hrung von Automobilherstellern und -ha?ndlern. 606 $aBusiness studies: general$2bicssc 606 $aSales & marketing management$2bicssc 606 $aDistribution & warehousing management$2bicssc 606 $aMarket research$2bicssc 610 $aAutomobil 610 $aempirische 610 $aErklärungsansatz 610 $aKaufentscheidung 610 $aseine 610 $atheoretischer 610 $aÜberprüfung 610 $aUnger 615 7$aBusiness studies: general 615 7$aSales & marketing management 615 7$aDistribution & warehousing management 615 7$aMarket research 700 $aUnger$b Mark$4auth$01325305 702 $aMeffert$b H$4edt 702 $aUnger$b Mark$4aut 801 0$bPH02 801 1$bPH02 906 $aBOOK 912 $a9910563006403321 996 $aDie Automobil-Kaufentscheidung$93036723 997 $aUNINA